01085nam a2200241 a 450000100060000000300090000600800410001502000150005604000280007108200090009910000260010824500240013426000230015830000100018149000190019150501750021065000310038594200120041699900170042895201440044595201280058995201260071722960CO-ViMGA141112s2004 ck r 000 u spa d a9580464952 aCO-ViMGAbspacCO-ViMGA04aHORt1 aHorvath, Polly93300710aTodo sobre un wafle aColombia : bNorma a188p. aTorre de papel aMis padres se pierden en el mar, Me mudo con el tio jack, Casi me llevan a la carcel, Lasa papas conocidas, La idea del tio jack, Pierdo otro digito, Todos se van de casa14aCUENTOS CANADIENSES933008 2ddccBK c31248d31248 00102ddc40708008aMEVIECARbMEVIECARd2015-12-04hVolumen. 1 | 15/nov/2009l0oHORt p22960r2015-12-04 00:00:00tEj. 1w2015-12-04yBK 00102ddc40708GENaMEMACAREbMEMACAREcSInfd2024-12-24l0oC HORtpLM001859r2024-12-24 14:54:18tEj.1w2024-12-24yBK 00102ddc40708INFaMEGRANADbMEGRANADcSInfd2025-07-29l0oHORtpGRDA00223r2025-07-29 15:42:11tEj.1w2025-07-29yBK